000 00879cam a2200205 4500
001 WB3912-18
008 030325n2003 000 0 eng u
035 _a(Sirsi) u121717
245 _aFirst rural one-stop shop
260 _c2003
490 _aDEFRA News Release
_v(103/03) 24 March 2003 (2)
520 _aEngland's first centre to put a wide range of rural services under one roof was opened at Waters Upton, Shropshire. The project was supported by the Countryside Agency, which gave government funding of £250 000 to develop the centre as its first national demonstration project. http://www.gnn.gov.uk/gnn/national.nsf/Daily+News/5411510B347E732480256CF300402471?opendocument
590 _aWB
650 _aRURAL SERVICES
650 _aRURAL COMMUNITIES
650 _aCOUNTRYSIDE AGENCY
650 _aGOVERNMENT FUNDING
690 _aRural
_96268
942 _n0
999 _c72338
_d72338